Investigation of the influence of property and socio-economic variables on residential values and the formulation of valuation models based on regression analysis. (Record no. 89976)

MARC details
000 -LEADER
fixed length control field 00862cam a2200265 4500
001 - CONTROL NUMBER
control field M1811
008 - FIXED-LENGTH DATA ELEMENTS--GENERAL INFORMATION
fixed length control field 090401t1995 xxu||||| |||| 00| 0 eng d
035 ## - SYSTEM CONTROL NUMBER
System control number (Sirsi) u34661
041 ## - LANGUAGE CODE
Language code of text/sound track or separate title eng
050 ## - LIBRARY OF CONGRESS CALL NUMBER
Classification number 333.3329416
100 ## - MAIN ENTRY--PERSONAL NAME
Personal name Adair, A.
245 ## - TITLE STATEMENT
Title Investigation of the influence of property and socio-economic variables on residential values and the formulation of valuation models based on regression analysis.
260 ## - PUBLICATION, DISTRIBUTION, ETC.
Place of publication, distribution, etc. Belfast
Name of publisher, distributor, etc. University of Ulster
Date of publication, distribution, etc. 1995
300 ## - PHYSICAL DESCRIPTION
Extent 66p. : ill.,maps ; 30cm.
350 ## - PRICE (NR) (BK AM CF MU VM SE) [OBSOLETE]
Price 0
520 ## - SUMMARY, ETC.
Summary, etc. Report funded by the RICS Education Trust.
650 ## - SUBJECT ADDED ENTRY--TOPICAL TERM
Topical term or geographic name entry element REGRESSION ANALYSIS
650 ## - SUBJECT ADDED ENTRY--TOPICAL TERM
Topical term or geographic name entry element RESIDENTIAL PROPERTY
9 (RLIN) 6266
650 ## - SUBJECT ADDED ENTRY--TOPICAL TERM
Topical term or geographic name entry element VALUATION MODELS
690 ## - LOCAL SUBJECT ADDED ENTRY--TOPICAL TERM (OCLC, RLIN)
Topical term or geographic name as entry element RATING AND VALUATION
700 ## - ADDED ENTRY--PERSONAL NAME
Personal name McGreal, Stanley
710 ## - ADDED ENTRY--CORPORATE NAME
Corporate name or jurisdiction name as entry element School of the Built Environment
9 (RLIN) 3000
942 ## - ADDED ENTRY ELEMENTS (KOHA)
Suppress in OPAC 0
948 ## - LOCAL PROCESSING INFORMATION (OCLC); SERIES PART DESIGNATOR (RLIN)
c (OCLC) 04/03/1997
Holdings
Withdrawn status Lost status Source of classification or shelving scheme Damaged status Not for loan Home library Current library Shelving location Date acquired Total Checkouts Full call number Barcode Date last seen Copy number Price effective from Koha item type
    Dewey Decimal Classification     London London Basement 02/06/1995   SHELF 134 30048444 06/08/2019 1 06/08/2019 Book